LEADER 01412nam a2200289 u 4500 001 000000000758 003 CaOOAMICUS 005 20070226104233.0 008 940513n xx u000 u und u 020 $a88-204-3004-5 035 $a10014815 040 $aPUL$bita 100 1 $aVasale, Claudio.$0(OLS)http://pul/name/855 245 10$aCattolicesimo politico e mondo "moderno" :$bsocietà, politica e religione in Luigi Sturzo /$cClaudio Vasale. 260 $aMilano :$bF. Angeli,$c1988. 300 $a495 p. ;$c22 cm 490 1 $aCollana dell'Istituto di sociologia dell'Università di Parma.$aSezione "Politica e società" ;$v16 600 14$aSturzo, Luigi,$csac.,$d1871-1959.$0(OLS)http://pul/subject/829 650 4$aCattolicesimo e politica.$0(OLS)http://pul/subject/830 830 0$aCollana dell'Istituto di sociologia dell'Università di Parma.$pSezione "Politica e società" ;$v16.$0(OLS)http://pul/title/1087 850 $aPUL 852 $aPUL$W1$xDP1 Cons. Gen., Altre Classi 1$y22$m44 I 66$j976$nBK-PRI$b $qStampati$B976$CPULBib$Z2$F976 $H $81 941 1 $a8 961 $aINV: 61897 996 $6020$a88-204-3004-5$9(OLS)http://pul/number/1034 996 $6245$aCattolicesimo politico e mondo "moderno" :$bsocietà, politica e religione in Luigi Sturzo$9(OLS)http://pul/title/1086 996 $6260$aMilano :$bF. Angeli$9(OLS)http://pul/publisher/48323 LEADER 01359nam a2200337 u 4500 001 000000080883 003 CaOOAMICUS 005 20070226123709.0 008 050307s1999 enk u000 u eng u 020 $a0-304-70487-3 035 $a11032340 040 $aPUL$bita 100 1 $aMarsh, Clive.$0(OLS)http://pul/name/53968 245 10$aJesus and the gospels :$ban introduction /$cClive Marsh and Steve Moyise. 260 $aLondon :$bCassel,$cc1999. 300 $a127 p. ;$c21 cm 490 1 $aCassel biblical studies series 504 $aComprende bibliografia. 600 04$aIesus Christus.$0(OLS)http://pul/subject/207 630 04$aBiblia.$pN.T.$pEvangelia$xCritica e interpretazione.$0(OLS)http://pul/subject/2670 700 1 $aMoyise, Steve.$0(OLS)http://pul/name/53969 830 0$aCassel biblical studies series.$0(OLS)http://pul/title/105880 850 $aPUL 852 $aPUL$W1$xSL Religione 3$y85$m232 MARCL 1$j103256$nBK-PRI$qDDC 21$B103256$CPULBib$Z2$F103256 $HPUL97195 $82 941 1 $a9 960 $aCristologia$9207 960 $aCristologia$9207 960 $aGesù Cristo$9207 996 $6020$a0-304-70487-3$9(OLS)http://pul/number/107125 996 $6245$aJesus and the gospels :$ban introduction$9(OLS)http://pul/title/105879 996 $6260$aLondon :$bCassel$9(OLS)http://pul/publisher/75886